| 000 | 01765 a2200241 4500 | ||
|---|---|---|---|
| 001 | 63654 | ||
| 005 | 20260407155935.0 | ||
| 008 | 260407a2006 arg spa d | ||
| 003 | AR-UNSa-BCEJYS | ||
| 040 |
_aAR-UNSa-BCEJYS _bspa _cAR-UNSa-BCEJYS |
||
| 080 |
_a342.1 _xEstado. Pueblo. Nación. Poder del estado (Derecho político) |
||
| 245 | 1 | 0 |
_aEstado posmoderno y globalización _pTransformación del Estado-nación argentino |
| 020 | _a978-950-29-0940-0 | ||
| 264 | 1 |
_aBuenos Aires : _bUniversidad de Buenos Aires. Facultad de Derecho. Departamento de Publicaciones _c2006 |
|
| 300 |
_axxii, 141 p. _c22 cm. |
||
| 505 | _a1. ¿Hacia un estado pormoderno?: transformación e identidad - 2. El contrato social ausente: La formación del Estado - nación argentino y los conflictos decisivos considerados desde una concepción cosmopólita - 3. El estado en transformación: La situación de los Estados fallidos - 4. El discurso testimonial en América Latina y su relación con el concepto de nación - 5. Un análisis acerca del discurso neoliberal en la Argentina y sus consecuencias: El concepto de familia en el discurso de los indigentes argentinos y chilenos - 6. El Estado en el discurso de los indigentes: Estudio sobre la representación de las categorias "organismos estatales" y "organismos no estatales" en el discurso de un grupo de indigentes de la ciudad de Buenos Aires - Estado, ciudadania y discurso escolar: Análisis de libros de texto de sexto año de la Educación General Básica. | ||
| 041 | _aspa | ||
| 942 | _cBK | ||
| 590 | _aniveau_biblio:m niveau_hierar:0 | ||
| 100 | 1 | _aOrtiz, Tulio E. | |
| 700 | 1 | _aPardo, Maria Laura | |
| 856 | 4 | 1 |
_uhttps://www.biblioeco.unsa.edu.ar/pmb/images/libros/L129419.jpg _yImagen de portada _qimage/jpeg |
| 999 |
_c8261 _d8261 |
||